[Event "POL-chT"]
[Site "Mikolajki"]
[Date "1991.??.??"]
[Round "6"]
[White "Kveinys, Aloyzas"]
[Black "Dragomarezkij, Evgeni"]
[Result "1-0"]
[WhiteElo "2435"]
[BlackElo "2455"]

1.e4 c5 2.Nf3 d6 3.d4 cxd4 4.Nxd4 Nf6 5.Nc3 Nc6 6.Bg5 Bd7 7.Qd2 Rc8 8.O-O-O Nxd4
9.Qxd4 Qa5 10.Bxf6 gxf6 11.f4 Rg8 12.g3 f5 13.Qd5 Qxd5 14.exd5 Bg7 15.Ne2 Kf8
16.Bg2 Bf6 17.Bf3 Kg7 18.h3 Rc4 19.g4 Rgc8 20.Rd2 h6 21.Ng3 Kf8 22.Nh5 Bd4
23.Re1 Bb6 24.c3 Bd8 25.Rg2 fxg4 26.Bxg4 Bxg4 27.hxg4 Rd4 28.Rd1 Rxd1+ 29.Kxd1 e6
30.Rd2 Ke7 31.f5 exf5 32.gxf5 Rc4 33.f6+ Kd7 34.Rf2 Rh4 35.Rf5 Rh2 36.Kc1 Bb6
37.a4 Be3+ 38.Kb1 Bg5 39.Ng7 a5 40.Rf3 Rh4 41.b3 Rh2 42.c4 Rh4 43.Kc2 Rf4
44.Rxf4 Bxf4 45.Kd3 Be5 46.Nh5 Kc7 47.Ke4 Kb6 48.Kf5 Kc5 49.Ng7 Kb4 50.Ne6 h5
51.c5 h4 52.c6 bxc6 53.dxc6 h3 54.c7 fxe6+ 55.Kxe6 h2 56.f7 h1=Q 57.f8=Q Qh3+
58.Qf5 Qh6+ 59.Ke7 Qg7+ 60.Qf7 Qg5+ 61.Ke8  1-0

[Event "Mondorf op"]
[Site "Mondorf"]
[Date "1991.??.??"]
[Round "3"]
[White "Watson, William N"]
[Black "Laux, Tino"]
[Result "1-0"]
[WhiteElo "2525"]
[BlackElo "2225"]

1.e4 c5 2.Nf3 d6 3.d4 cxd4 4.Nxd4 Nf6 5.Nc3 Nc6 6.Bg5 e6 7.Bb5 Bd7 8.Bxc6 Bxc6
9.Nxc6 bxc6 10.e5 dxe5 11.Qf3 Qb6 12.Bxf6 gxf6 13.Qxf6 Qxb2 14.O-O Rg8 15.Qf3 Qb7
16.Qh5 Qb4 17.Qf3 Qb6 18.Rab1 Qc7 19.Rb3 f5 20.Rfb1 e4 21.Qh5+ Rg6 22.Rb7 Qe5
23.Qxh7 Rg7 24.Qh5+ Kd8 25.Rd1+ Kc8 26.Rxg7 Bxg7 27.Qe8+ Kb7 28.Rb1+ Kc7
29.Qxa8 Qxc3 30.Qb8+  1-0

[Event "Montpellier"]
[Site "Montpellier"]
[Date "1991.??.??"]
[Round "1"]
[White "Santo Roman, Marc"]
[Black "Garcia Ilundain, David"]
[Result "1/2-1/2"]
[WhiteElo "2500"]
[BlackElo "2325"]

1.e4 c5 2.Nf3 d6 3.d4 cxd4 4.Nxd4 Nf6 5.Nc3 Nc6 6.Bg5 e6 7.Qd2 a6 8.O-O-O h6
9.Be3 Be7 10.Qe2 Qc7 11.g4 b5 12.Bg2 Nxd4 13.Rxd4 e5 14.Rd2 Bxg4 15.Nd5 Nxd5
16.Qxg4 Nf6 17.Qf3 Qc8 18.h3 Qe6 19.Kb1 O-O 20.Rg1 Kh8 21.Bf1 Nh7 22.Qh5 Nf6
23.Qf3 Nh7 24.Qh5 Nf6  1/2-1/2

[Event "FRA-ch Acc"]
[Site "Montpellier"]
[Date "1991.??.??"]
[Round "2"]
[White "Bauer, Christian"]
[Black "Hartereau, Philippe"]
[Result "1/2-1/2"]
[WhiteElo "2100"]
[BlackElo "2300"]

1.e4 c5 2.Nf3 Nc6 3.d4 cxd4 4.Nxd4 Nf6 5.Nc3 d6 6.Bg5 Bd7 7.Qd2 Rc8 8.f4 Nxd4
9.Qxd4 Qa5 10.Bxf6 gxf6 11.O-O-O Rg8 12.Kb1 Qc5 13.Qd2 e6 14.Bd3 b5 15.g3 b4
16.Ne2 a5 17.f5 e5 18.c3 Bc6 19.Rc1 Qb6 20.cxb4 axb4 21.Rc4 Rb8 22.Rhc1 Bd7
23.Ng1 h5 24.Be2 Rh8 25.Rd1 Ke7 26.Qd5 h4 27.g4 Bh6 28.Nf3 Be3 29.g5 Bxg5
30.Nxg5 fxg5 31.f6+ Ke8 32.Qxd6 Qxd6 33.Rxd6 g4 34.Rc1 g3 35.hxg3 hxg3 36.Rg1 Rg8
37.Rd3 g2 38.Bf3 Rb6 39.Rxg2 Rxg2 40.Bxg2 Rxf6 41.Rd5 Rf2 42.Rxe5+ Kd8 43.Rg5 Bc6
44.Kc1  1/2-1/2

[Event "FRA-ch Acc"]
[Site "Montpellier"]
[Date "1991.??.??"]
[Round "4"]
[White "Marciano, David"]
[Black "Le Godec, Daniel"]
[Result "1/2-1/2"]
[WhiteElo "2345"]
[BlackElo "2190"]

1.e4 c5 2.Nf3 Nc6 3.d4 cxd4 4.Nxd4 Nf6 5.Nc3 d6 6.Bg5 Qb6 7.Nb3 e6 8.Bf4 Ne5
9.Be3 Qc7 10.f4 Nc6 11.g4 a6 12.g5 Nd7 13.Bg2 b5 14.Qe2 Be7 15.O-O-O Bb7
16.h4 O-O-O 17.h5 Kb8 18.a3 Nc5 19.Nd4 Nxd4 20.Bxd4 e5 21.Be3 Rhe8 22.f5 Rc8
23.Kb1 Bc6 24.Nd5 Qb7 25.Nxe7 Qxe7 26.Bd2 Qb7 27.Rhe1 Qc7 28.Qe3 Bb7 29.Qc3 f6
30.Qg3 Nxe4 31.Bxe4 Bxe4 32.Bc3 Bxf5 33.gxf6 gxf6 34.Rf1 Rg8 35.Qe3 Bg4 36.Rd2 Rcd8  1/2-1/2

[Event "Montpellier"]
[Site "Montpellier"]
[Date "1991.??.??"]
[Round "8"]
[White "Marciano, David"]
[Black "Garcia Ilundain, David"]
[Result "1-0"]
[WhiteElo "2310"]
[BlackElo "2325"]

1.e4 c5 2.Nf3 d6 3.d4 cxd4 4.Nxd4 Nf6 5.Nc3 Nc6 6.Bg5 e6 7.Qd2 a6 8.O-O-O h6
9.Be3 Be7 10.f4 Bd7 11.Kb1 b5 12.Bd3 Qc7 13.h3 Nxd4 14.Bxd4 b4 15.Ne2 e5
16.Be3 Qb7 17.Ng3 Bc6 18.Rhf1 Nxe4 19.Bxe4 Bxe4 20.Nxe4 Qxe4 21.fxe5 O-O
22.exd6 Bxd6 23.Qxd6 Qxe3 24.Qxb4 Rad8 25.Rxd8 Rxd8 26.Qc4 Qf2 27.b3 Qxg2
28.Qxf7+ Kh8 29.Qf3 Qh2 30.Re1 Qd2 31.Qe3 Qd7 32.Qe7 Qd4 33.Qe5 Qf2 34.Qe2 Qg3
35.Qe7 Rc8 36.Qe3 Qg2 37.Re2 Qg6 38.Qe5 Rf8 39.Kb2 Qg1 40.Re3 Qg6 41.Qe6 Qg1
42.Rd3 a5 43.a4 Qg5 44.Rd5 Qh4 45.Qg4 Qe1 46.Qd4 Rf3 47.Re5 Qf1 48.Rxa5 Qxh3
49.Ra7 Rf6  1-0

[Event "Russian Winter op"]
[Site "Moscow"]
[Date "1991.??.??"]
[Round "?"]
[White "Kharlamov, Vladimir P"]
[Black "Zakharov, Alexander V"]
[Result "1-0"]
[WhiteElo "2350"]
[BlackElo "2380"]

1.e4 c5 2.Nf3 Nc6 3.d4 cxd4 4.Nxd4 Nf6 5.Nc3 d6 6.Bg5 a6 7.Qd2 Nxd4 8.Qxd4 Qa5
9.Bd2 e5 10.Qe3 Be6 11.Be2 Be7 12.g4 h6 13.Rg1 g5 14.a3 Rc8 15.O-O-O Qc5
16.Qxc5 dxc5 17.Be3 c4 18.f3 Bc5 19.Bxc5 Rxc5 20.h4 Ke7 21.Rh1 Rb8 22.hxg5 hxg5
23.Rh6 Rc6 24.Rdh1 b5 25.Rh8 Rxh8 26.Rxh8 Rc8 27.Rxc8 Bxc8 28.a4 Bd7 29.axb5 axb5
30.b3 Be6 31.Kb2 b4 32.Na2 c3+ 33.Kc1 Kd6 34.Nxb4 Kc5 35.Nd3+ Kd4 36.Kd1 Nd7
37.Ke1 Ke3 38.Nf2 f6 39.Nd1+ Kd4 40.Bb5 Nb6 41.Ba4 Na8 42.Ke2 Nc7 43.Ne3 Na6
44.Nd5 Nc5 45.Bc6 Bc8 46.b4 Ne6 47.b5 Kc5 48.Nxc3 Nd4+ 49.Kf2 Nxc2 50.Nd5 Nd4
51.Nxf6 Nxc6 52.bxc6 Kxc6 53.Nh7 Kd6 54.Nxg5 Ke7 55.Kg3 Kf6 56.Nh3 Bb7 57.Nf2 Ba6
58.Nd1 Kg5 59.Nc3 Bc4 60.Na4 Be2 61.Nc5 Bb5 62.Ne6+ Kf6  1-0

[Event "Moscow5-B"]
[Site "Moscow"]
[Date "1991.??.??"]
[Round "?"]
[White "Kozlov, Vladimir N"]
[Black "Dragomarezkij, Evgeni"]
[Result "1/2-1/2"]
[WhiteElo "2360"]
[BlackElo "2455"]

1.e4 c5 2.Nf3 d6 3.d4 cxd4 4.Nxd4 Nf6 5.Nc3 Nc6 6.Bg5 Bd7 7.Qd2 Rc8 8.f3 Nxd4
9.Qxd4 Qa5 10.Bd2 a6 11.Nd5 Qc5 12.Qxc5 Rxc5 13.c4 Nxd5 14.exd5 e6 15.Bb4 Rc7
16.Bd3 Be7 17.Kf2 O-O 18.Rhe1 Rb8 19.Re2 b5 20.dxe6 fxe6 21.cxb5 Bxb5 22.Bxb5 Rxb5
23.Bc3 Kf7 24.Rae1 e5 25.Rd1 g5 26.Re4 Rc6 27.h4 h6 28.hxg5 hxg5 29.Kg3 Bf6
30.Re2 Ke6 31.Rh1 Rb8 32.Kg4 Rc4+ 33.Re4 Rbc8 34.Kg3 d5 35.Rxc4 Rxc4 36.Rc1 Kf5
37.b3 Rf4 38.Kf2 g4 39.Bd2 Rd4 40.Bc3 Rf4 41.Bd2  1/2-1/2

[Event "Moscow5-B"]
[Site "Moscow"]
[Date "1991.??.??"]
[Round "?"]
[White "Amidzic, Ognjen"]
[Black "Dragomarezkij, Evgeni"]
[Result "0-1"]
[WhiteElo "2370"]
[BlackElo "2455"]

1.e4 c5 2.Nf3 d6 3.d4 cxd4 4.Nxd4 Nf6 5.Nc3 Nc6 6.Bg5 Bd7 7.Nb3 a6 8.f4 e6
9.Qf3 Be7 10.O-O-O Qc7 11.g4 h6 12.Bh4 Rc8 13.Bg3 Nb4 14.Rd2 d5 15.f5 dxe4
16.Qe2 e5 17.a3 Bc6 18.Bg2 Nbd5 19.Nxe4 Nxe4 20.Qxe4 Nf4 21.Qe1 Nxg2 22.Qxe5 Qxe5
23.Bxe5 Bg5  0-1

[Event "Moscow6"]
[Site "Moscow"]
[Date "1991.??.??"]
[Round "?"]
[White "Brodsky, Michail"]
[Black "Dragomarezkij, Evgeni"]
[Result "1-0"]
[WhiteElo "2415"]
[BlackElo "2445"]

1.e4 c5 2.Nf3 d6 3.d4 cxd4 4.Nxd4 Nf6 5.Nc3 Nc6 6.Bg5 Bd7 7.Be2 Rc8 8.f4 a6
9.Nb3 b5 10.Qd2 e6 11.Bf3 h6 12.Bxf6 Qxf6 13.O-O-O Qd8 14.Kb1 Be7 15.e5 dxe5
16.Ne4 Rc7 17.Nd6+ Kf8 18.Rhf1 exf4 19.Nc5 Bc8 20.Qxf4 Bg5 21.Qe4 Qe7 22.Bh5 Bf6
23.Nxf7 Qxc5 24.Qg6 Qe7 25.Nxh8 Kg8 26.Nf7 Qxf7 27.Qg3 Qxh5 28.Qxc7 Qe8 29.Rd6  1-0

[Event "Moscow6"]
[Site "Moscow"]
[Date "1991.??.??"]
[Round "?"]
[White "Petrushin, Alexander I"]
[Black "Brodsky, Michail"]
[Result "1/2-1/2"]
[WhiteElo "2360"]
[BlackElo "2415"]

1.e4 c5 2.Nf3 d6 3.d4 cxd4 4.Nxd4 Nf6 5.Nc3 Nc6 6.Bg5 e6 7.Qd2 Be7 8.O-O-O O-O
9.Nb3 Qb6 10.f3 Rd8 11.Nb5 Rd7 12.Be3 Qd8 13.N5d4 e5 14.Nf5 d5 15.Qf2 dxe4
16.Bc4 Rxd1+ 17.Rxd1 Qf8 18.Nxe7+ Qxe7 19.Bc5 Qe8 20.Rd6 Be6 21.Bxe6 fxe6
22.Nd2 exf3 23.Qxf3 Rd8 24.Nc4 Rxd6 25.Nxd6 Qd7 26.c4 h6 27.g4 b6 28.Ba3 Nd4
29.Qa8+ Kh7 30.h3 Nd5 31.b3 Nf6 32.Qc8 Qxc8 33.Nxc8 Nc6 34.b4 e4 35.b5 Ne5
36.c5 bxc5 37.Nxa7 e3 38.Kc2 Ne4 39.Kd1 Nc4 40.Bc1  1/2-1/2

[Event "Moscow7 op"]
[Site "Moscow"]
[Date "1991.??.??"]
[Round "?"]
[White "Murrey, Jacob"]
[Black "Demina, Julia"]
[Result "1/2-1/2"]
[WhiteElo "2450"]
[BlackElo "2405"]

1.e4 c5 2.Nf3 Nc6 3.d4 cxd4 4.Nxd4 Nf6 5.Nc3 d6 6.Bg5 e6 7.Qd2 a6 8.O-O-O h6
9.Be3 Be7 10.f4 Nxd4 11.Bxd4 b5 12.Bxf6 Bxf6 13.Qxd6 Qxd6 14.Rxd6 Bb7 15.a4 Bxc3
16.bxc3 Bxe4 17.Rd4 Bc6 18.a5 Ke7 19.h4 Rhc8 20.Rh3 Bd5 21.Kb2 Rc5 22.Re3 Rac8
23.g3 R8c7 24.Be2 Kf6 25.Bd1 Rc4 26.Be2 R4c5 27.Bd1 Rc4 28.Be2 R4c5  1/2-1/2

[Event "Moscow7 op"]
[Site "Moscow"]
[Date "1991.??.??"]
[Round "?"]
[White "Balashov, Yuri S"]
[Black "Savchenko, Stanislav"]
[Result "1-0"]
[WhiteElo "2590"]
[BlackElo "2485"]

1.e4 c5 2.Nf3 d6 3.d4 cxd4 4.Nxd4 Nf6 5.Nc3 Nc6 6.Bg5 e6 7.Qd2 Be7 8.O-O-O a6
9.Bxf6 gxf6 10.f4 Bd7 11.f5 h5 12.Bc4 Nxd4 13.Qxd4 Qa5 14.Kb1 O-O-O 15.Qd3 Kb8
16.fxe6 fxe6 17.Ne2 Rhg8 18.Nf4 Qe5 19.g3 Rc8 20.Qb3 Qxe4 21.Bd3 Qe5 22.Rhe1 Qa5
23.Nxe6 d5 24.Nf4 Bb4 25.c3 Bc5 26.Qxd5 Bg4 27.Be2 Rg5 28.Qb3 Bf5+ 29.Bd3 Bd7
30.Bc2 Bg4 31.Rd5 Bf3 32.Be4 Bxe4+ 33.Rxe4 h4 34.Rd7 Bb6 35.Ree7 Rb5 36.Rxb7+ Ka8
37.Qc2 Rxc3 38.Qg2 Rxb2+ 39.Qxb2 Qf5+ 40.Ka1 Qc5 41.Ne2 Rd3 42.Qc1  1-0

[Event "New York op"]
[Site "New York"]
[Date "1991.??.??"]
[Round "?"]
[White "Josenhans, Daniel"]
[Black "Davies, Nigel R"]
[Result "1/2-1/2"]
[WhiteElo "2285"]
[BlackElo "2500"]

1.e4 c5 2.Nf3 Nc6 3.d4 cxd4 4.Nxd4 Nf6 5.Nc3 d6 6.Bg5 e6 7.Qd2 Be7 8.O-O-O O-O
9.Nb3 a6 10.Kb1 b5 11.Bxf6 Bxf6 12.Qxd6 Qb6 13.Be2 Rb8 14.Qc5 Qc7 15.f4 Bd7
16.e5 Be7 17.Qe3 Rfd8 18.Rd2 Be8 19.Rhd1 Rdc8 20.Ne4 Nb4 21.Nd6 Rd8 22.Bf3  1/2-1/2

[Event "New York op"]
[Site "New York"]
[Date "1991.??.??"]
[Round "4"]
[White "Tischbierek, Raj"]
[Black "Fedorowicz, John P"]
[Result "1/2-1/2"]
[WhiteElo "2500"]
[BlackElo "2555"]

1.e4 c5 2.Nf3 d6 3.d4 cxd4 4.Nxd4 Nf6 5.Nc3 Nc6 6.Bg5 e6 7.Qd2 a6 8.O-O-O h6
9.Bf4 Bd7 10.Nxc6 Bxc6 11.f3 d5 12.Qe1 Bb4 13.a3 Ba5 14.Bd2 Qe7 15.e5 Nd7
16.Kb1 Bc7 17.f4 f6 18.exf6 gxf6 19.Bc1 Nb6 20.Be2 O-O-O 21.Bg4 Rde8 22.Qh4 h5
23.Bf3 f5  1/2-1/2

[Event "Niksic"]
[Site "Niksic"]
[Date "1991.??.??"]
[Round "6"]
[White "Ziatdinov, Raset"]
[Black "Ivanovic, Bozidar"]
[Result "1/2-1/2"]
[WhiteElo "2515"]
[BlackElo "2535"]

1.e4 c5 2.Nf3 Nc6 3.d4 cxd4 4.Nxd4 Nf6 5.Nc3 d6 6.Bg5 e6 7.Qd2 Be7 8.O-O-O O-O
9.f4 h6 10.Bh4 e5 11.Nf5 Bxf5 12.exf5 exf4 13.Kb1 d5 14.Bxf6 Bxf6 15.Nxd5 Be5
16.Bc4 b5 17.Bb3 a5 18.a3 a4 19.Ba2 b4 20.Nxb4 Qf6 21.Nd5 Qxf5 22.Qd3 Qg5
23.Qe4 Rab8 24.c3 Rb7 25.Rhe1 Rfb8 26.Re2 Qh5 27.Rde1 Qxh2 28.Ka1 Qg3 29.Bb1 g6
30.Qxa4 f3 31.gxf3 Rb5 32.f4 Bg7 33.Qc4 Na5 34.Re8+ Bf8 35.Ne7+ Kg7 36.Qd4+ Kh7
37.Qf6 Bg7 38.Qxf7 Nb3+ 39.Ka2 Nc1+ 40.Ka1 Nb3+ 41.Ka2 Nc1+  1/2-1/2

[Event "North Shore-ch"]
[Site "North Shore"]
[Date "1991.??.??"]
[Round "?"]
[White "Garbett, Paul Anthony"]
[Black "Nokes, Roger I"]
[Result "0-1"]
[WhiteElo "2305"]
[BlackElo "2310"]

1.e4 c5 2.Nf3 d6 3.d4 cxd4 4.Nxd4 Nf6 5.Nc3 Nc6 6.Bg5 e6 7.Qd2 Be7 8.O-O-O O-O
9.Nb3 a5 10.a4 d5 11.Bb5 Nb4 12.Rhe1 Bd7 13.Bxd7 Qxd7 14.exd5 exd5 15.Re3 Rac8
16.f3 h6 17.Bh4 Rc4 18.Qe2 Rxh4 19.Rxe7 Qd6 20.Nxa5 Rxh2 21.Nxb7 Qg3 22.Qb5 Qxg2
23.Ne2 Qxf3 24.Re1 Ne4 25.Qxb4 Rxe2 26.Kb1 Rc8 27.Rc1 Rexc2 28.Rxc2 Qd1+
29.Ka2 Qxc2 30.Na5 Nc5 31.Nb3 Nxb3 32.Qxb3 Qc6 33.a5 Qc5 34.Qa3 Qc4+ 35.Qb3 Qc5
36.Qa3 Qc4+ 37.Qb3 Ra8 38.Qxc4 Rxa5+ 39.Kb3 dxc4+ 40.Kxc4 Ra1 41.b4 Rb1 42.b5 h5
43.Kc5 h4 44.b6 g5 45.b7 Kg7 46.Kc6 h3 47.Re1 Rb2 48.Re2 Rb3 49.Kc7 g4 50.Rh2 Kg6  0-1

[Event "Oslo Cup"]
[Site "Oslo"]
[Date "1991.??.??"]
[Round "4"]
[White "Hellers, Ferdinand"]
[Black "Groenn, Atle"]
[Result "0-1"]
[WhiteElo "2550"]
[BlackElo "2365"]

1.e4 c5 2.Nf3 Nc6 3.d4 cxd4 4.Nxd4 Nf6 5.Nc3 d6 6.Bg5 e6 7.Qd2 a6 8.O-O-O h6
9.Be3 Nxd4 10.Bxd4 b5 11.f4 Bb7 12.Qe3 b4 13.Bxf6 gxf6 14.Ne2 Qa5 15.Kb1 Qc5
16.Qd3 h5 17.Nd4 Rd8 18.Be2 Bh6 19.Rhf1 Ke7 20.g3 a5 21.Bf3 Bg7 22.Rfe1 Rd7
23.Re2 Ra8 24.Red2 Rh8 25.Qe3 Rhd8 26.Qe2 Rh8 27.Nb3 Qb6 28.Bxh5 Bxe4 29.Bxf7 f5
30.Bh5 a4 31.Nd4 b3 32.Bf3 bxc2+ 33.Rxc2 Bxc2+ 34.Qxc2 Bxd4  0-1

[Event "Ostrava"]
[Site "Ostrava"]
[Date "1991.??.??"]
[Round "8"]
[White "Gazik, Igor"]
[Black "Rechlis, Gad"]
[Result "1-0"]
[WhiteElo "2455"]
[BlackElo "2510"]

1.e4 c5 2.Nf3 d6 3.d4 cxd4 4.Nxd4 Nf6 5.Nc3 Nc6 6.Bg5 e6 7.Qd2 a6 8.O-O-O h6
9.Be3 Nxd4 10.Bxd4 b5 11.Bd3 Bb7 12.f4 Be7 13.Qe2 Rc8 14.Kb1 O-O 15.g4 Nd7
16.g5 hxg5 17.h4 g4 18.Qxg4 e5 19.Rhg1 Bf6 20.fxe5 Nxe5 21.Qf5 Re8 22.h5 Kh8
23.Rdf1 Qd7 24.Qf4 Re6 25.h6 g5 26.Qf5 Rf8 27.Nd5 Bd8 28.Nf4 gxf4 29.Rg7 Rxh6
30.Rh7+ Rxh7 31.Qxd7 f6 32.Qxd6 Be7 33.Qb6 Bd8 34.Qe6 Bc8 35.Qxc8  1-0

[Event "Palma de Mallorca op"]
[Site "Palma de Mallorca"]
[Date "1991.??.??"]
[Round "?"]
[White "Magem Badals, Jorge"]
[Black "Doncevic, Dario"]
[Result "1-0"]
[WhiteElo "2485"]
[BlackElo "2345"]

1.e4 c5 2.Nf3 Nc6 3.d4 cxd4 4.Nxd4 Nf6 5.Nc3 d6 6.Bg5 e6 7.Qd2 a6 8.O-O-O h6
9.Bf4 Bd7 10.Nxc6 Bxc6 11.f3 d5 12.Qe1 Bb4 13.a3 Ba5 14.Bd2 d4 15.Ne2 Bxd2+
16.Rxd2 e5 17.Qg3 Qe7 18.Qxg7 O-O-O 19.Qg3 Qe6 20.Kb1 Rd6 21.Qe1 Kb8 22.c3 Rc8
23.cxd4 Nxe4 24.fxe4 Bxe4+ 25.Ka1 Qb3 26.Nc1 Rxc1+ 27.Qxc1 Rc6 28.Qd1 Bc2
29.Qf3 Be4 30.Bc4  1-0

[Event "Palma de Mallorca op"]
[Site "Palma de Mallorca"]
[Date "1991.??.??"]
[Round "?"]
[White "Slipak, Sergio"]
[Black "Franco Ocampo, Zenon"]
[Result "0-1"]
[WhiteElo "2415"]
[BlackElo "2495"]

1.e4 c5 2.Nf3 Nc6 3.d4 cxd4 4.Nxd4 Nf6 5.Nc3 d6 6.Bg5 Bd7 7.Be2 a6 8.Bxf6 gxf6
9.O-O e6 10.Nb3 Be7 11.f4 O-O 12.Bd3 Kh8 13.Qh5 Rg8 14.e5 f5 15.exd6 Bxd6
16.Rad1 Rg6 17.Bxa6 Qb6+ 18.Rf2 Rag8 19.Bf1 Bxf4 20.Qe2 Be3 21.Rxd7 Ne5 22.Rd3 Nxd3
23.cxd3 Rh6 24.Nd1 Qc7 25.g3 Bxf2+ 26.Qxf2 f4 27.Qd2 e5 28.Bg2 Qb6+ 29.Qf2 fxg3
30.hxg3 Rxg3 31.Qxb6 Rxb6 32.Kf2 Rxd3 33.Ne3 Rbxb3 34.axb3 Rxb3 35.Nd1 f5
36.Ke2 e4 37.Kd2 h5 38.Bf1 h4  0-1

[Event "Paris-ch"]
[Site "Paris"]
[Date "1991.??.??"]
[Round "3"]
[White "Boudre, Jean Pierre"]
[Black "Thorsteins, Karl"]
[Result "1-0"]
[WhiteElo "2365"]
[BlackElo "2480"]

1.e4 c5 2.Nf3 Nc6 3.d4 cxd4 4.Nxd4 Nf6 5.Nc3 d6 6.Bg5 e6 7.Qd2 Be7 8.O-O-O O-O
9.Nb3 a6 10.Bxf6 gxf6 11.Qh6 Kh8 12.Qh5 b5 13.Bd3 Ne5 14.f4 Ng6 15.Rhf1 Rg8
16.Kb1 b4 17.Ne2 a5 18.Nbd4 Qb6 19.Rf3 Bd7 20.Rh3 Rg7 21.Bb5 Bc8 22.Rg3 e5
23.fxe5 fxe5 24.Nf5 Qxb5 25.Nxg7 Kxg7 26.Nd4 Qc4 27.b3 Qc5 28.Nf5+ Bxf5 29.exf5 Bf6
30.fxg6 hxg6 31.Qf5 Ra7 32.Rf1 Bh4 33.Rg4 a4 34.Qe4 axb3 35.cxb3 Qa5 36.Qe2 Bf6
37.h4 d5 38.h5 Qb6 39.hxg6 fxg6 40.Qf3 Be7 41.Qf7+ Kh6 42.Rh1+  1-0

[Event "Ponferrada op"]
[Site "Ponferrada"]
[Date "1991.??.??"]
[Round "?"]
[White "Urday, Henry"]
[Black "Nunez, Antonio"]
[Result "1-0"]
[WhiteElo "2480"]
[BlackElo "2285"]

1.e4 c5 2.Nf3 Nc6 3.d4 cxd4 4.Nxd4 Nf6 5.Nc3 d6 6.Bg5 e6 7.Qd2 a6 8.O-O-O h6
9.Be3 Be7 10.f4 Qc7 11.Be2 Nxd4 12.Bxd4 b5 13.Bf3 Bb7 14.a3 Rc8 15.g4 e5
16.Be3 Qc4 17.Qg2 b4 18.axb4 Qxb4 19.g5 Rxc3 20.bxc3 Qxc3 21.Rd3 Qa1+ 22.Kd2 Qa5+
23.Ke2 hxg5 24.fxg5 Nh5 25.Rb1 Qc7 26.Kd1 Nf4 27.Bxf4 exf4 28.e5 Bxf3+ 29.Qxf3 Rxh2
30.Rc3 Rh1+ 31.Ke2 Rh2+ 32.Kf1 Qa7 33.Rc8+ Bd8 34.Qc6+ Qd7 35.Rxd8+  1-0

[Event "Porz op26"]
[Site "Porz"]
[Date "1991.??.??"]
[Round "6"]
[White "Kruszynski, Wlodzimierz"]
[Black "Kovalev, Andrei"]
[Result "1/2-1/2"]
[WhiteElo "2345"]
[BlackElo "2550"]

1.e4 c5 2.Nf3 d6 3.d4 cxd4 4.Nxd4 Nf6 5.Nc3 Nc6 6.Bg5 e6 7.Qd2 a6 8.O-O-O h6
9.Be3 Nxd4 10.Bxd4 b5 11.Qe3 Ng4 12.Qg3 e5 13.Be3 Nxe3 14.Qxe3 Be7 15.Kb1 Be6
16.Nd5 O-O 17.g3 Rc8 18.Qa7 Bxd5 19.Rxd5 Qc7 20.Qxc7 Rxc7  1/2-1/2

[Event "Porz op27"]
[Site "Porz"]
[Date "1991.??.??"]
[Round "7"]
[White "Vitolinsh, Alvis"]
[Black "Daverkausen, Bernd"]
[Result "1-0"]
[WhiteElo "2425"]
[BlackElo "2285"]

1.e4 c5 2.Nf3 d6 3.d4 cxd4 4.Nxd4 Nf6 5.Nc3 Nc6 6.Bg5 Bd7 7.Bxf6 gxf6 8.Be2 Qa5
9.O-O Nxd4 10.Qxd4 Rc8 11.Kh1 Qc5 12.Qd3 Bg7 13.Nd5 e6 14.Qg3 Kf8 15.b4 Qc6
16.Bb5  1-0

[Event "Ptuj"]
[Site "Ptuj"]
[Date "1991.??.??"]
[Round "5"]
[White "Kolar, Srecko"]
[Black "Sher, Miron N"]
[Result "0-1"]
[WhiteElo "2335"]
[BlackElo "2450"]

1.e4 c5 2.Nf3 d6 3.d4 Nf6 4.Nc3 cxd4 5.Nxd4 Nc6 6.Bg5 e6 7.Qd2 a6 8.O-O-O h6
9.Be3 Be7 10.f3 Nxd4 11.Bxd4 b5 12.Qf2 Bd7 13.e5 dxe5 14.Bxe5 Qa5 15.Bd4 Qc7
16.Bd3 O-O 17.g4 Bc6 18.Rhf1 b4 19.Ne2 e5 20.Bb6 Qb7 21.Ng3 Nd5 22.Nf5 Bg5+
23.Be3 Nxe3 24.Nxe3 e4 25.fxe4 Bxe4 26.Kb1 Rad8 27.Bc4 Rxd1+ 28.Nxd1 Bf6
29.Qe2 a5 30.Ne3 a4 31.Nf5 Bxf5 32.Rxf5 Qb6 33.Qf2 Re8 34.Qd2 Qd4 35.Bxf7+ Kxf7
36.Qc1 a3 37.c3 Qd3+ 38.Ka1 axb2+ 39.Kxb2 bxc3+  0-1

[Event "Pyskowice op"]
[Site "Pyskovice"]
[Date "1991.??.??"]
[Round "?"]
[White "Widera, Jan"]
[Black "Judycki, Wieslaw"]
[Result "1-0"]
[WhiteElo "2220"]
[BlackElo "2130"]

1.e4 c5 2.Nf3 d6 3.d4 cxd4 4.Nxd4 Nf6 5.Nc3 Nc6 6.Bg5 e6 7.Qd2 a6 8.O-O-O Bd7
9.f3 h6 10.Be3 b5 11.Nxc6 Bxc6 12.g4 b4 13.Ne2 d5 14.Nd4 Bb7 15.e5 Nd7 16.f4 Nc5
17.f5 Rc8 18.Bg2 Be7 19.Kb1 a5 20.h4 Qb6 21.Qf2 a4 22.Rc1 Ba6 23.Qd2 Bc4
24.b3 Ba6 25.Bf3 Ra8 26.Bg2 Bc8 27.Rcf1 Bd7 28.Rf2 axb3 29.cxb3 Qa5 30.Rff1 Na6
31.Rc1 Nc7 32.Bf1 h5 33.fxe6 fxe6 34.Bg5 Bc5 35.Be3 Bxd4 36.Bxd4 hxg4 37.Rc5 Qa7
38.Rc2 Qb7 39.Bd3 O-O 40.Bc5 Rf3 41.Rg1 Nb5 42.Bxb4 Nd4 43.Bh7+ Kxh7 44.Qxd4 g3
45.Qg4 d4 46.Qxd4 Bc6 47.Re2 Bd5 48.Rge1  1-0

[Event "Salamanca"]
[Site "Salamanca"]
[Date "1991.??.??"]
[Round "2"]
[White "San Segundo, Pablo"]
[Black "Rodriguez Vargas, Orestes"]
[Result "0-1"]
[WhiteElo "2430"]
[BlackElo "2470"]

1.e4 c5 2.Nf3 d6 3.d4 cxd4 4.Nxd4 Nf6 5.Nc3 Nc6 6.Bg5 Bd7 7.Nb3 e6 8.Qd2 a6
9.O-O-O b5 10.a3 b4 11.axb4 Nxb4 12.f4 Be7 13.e5 dxe5 14.fxe5 Nfd5 15.Bxe7 Qxe7
16.Nxd5 exd5 17.h4 O-O 18.Qg5 Qe8 19.h5 h6 20.Qf4 Rb8 21.Bd3 Be6 22.g4 f6
23.exf6 Rxf6 24.Qd4 Qf8 25.g5 hxg5 26.Rde1 Rf4 27.Qe3 Nxd3+ 28.Qxd3 Re4 29.Nc5 Qf4+
30.Kb1 Qe5  0-1

[Event "Santa Clara"]
[Site "Santa Clara"]
[Date "1991.??.??"]
[Round "8"]
[White "Arencibia, Walter"]
[Black "Estevez, Guillermo"]
[Result "1-0"]
[WhiteElo "2560"]
[BlackElo "2350"]

1.e4 c5 2.Nf3 d6 3.d4 cxd4 4.Nxd4 Nf6 5.Nc3 Nc6 6.Bg5 Bd7 7.Be2 Qa5 8.Bxf6 gxf6
9.Nb3 Qg5 10.Nd5 O-O-O 11.g3 f5 12.f4 Qg7 13.exf5 Bxf5 14.c3 e6 15.Ne3 Be4
16.Bf3 d5 17.Qe2 f5 18.O-O-O Be7 19.Bxe4 dxe4 20.Qc4 Qf6 21.Na5 Kc7 22.Nxc6 bxc6
23.Nc2 Rd5 24.Qa6 Bc5 25.Nb4 Bxb4 26.Qxa7+ Kc8 27.Rxd5 exd5 28.cxb4 Re8 29.b5 Re7
30.Qa6+ Kb8 31.Kb1 Rb7 32.Qxc6 Qxc6 33.bxc6 Rb6 34.Rd1 Kc7 35.a4 Ra6 36.b4 Rxa4
37.Rxd5 Rxb4+ 38.Kc2 Kxc6 39.Rxf5 Rd4 40.Rh5 Rd7 41.Kc3 Kc7 42.Rc5+ Kd8 43.Rc4 Rd3+
44.Kc2 Ra3 45.Rd4+ Kc7 46.Rxe4 Ra2+ 47.Kd3 Rxh2 48.Ke3 h5 49.f5 Rg2 50.Kf4 Kd7
51.Re3  1-0

[Event "Santa Clara"]
[Site "Santa Clara"]
[Date "1991.??.??"]
[Round "13"]
[White "Garcia Martinez, Silvino"]
[Black "Nogueiras, Jesus"]
[Result "1-0"]
[WhiteElo "2425"]
[BlackElo "2535"]

1.e4 c5 2.Nf3 Nc6 3.d4 cxd4 4.Nxd4 Nf6 5.Nc3 d6 6.Bg5 e6 7.Qd2 h6 8.Be3 a6
9.O-O-O Nxd4 10.Bxd4 b5 11.f4 Be7 12.Bd3 Bb7 13.Kb1 O-O 14.e5 dxe5 15.fxe5 Nd5
16.Ne4 Nb4 17.Nf6+ Kh8 18.Qf2 Qc7 19.Rhe1 Rfc8 20.c3 Nxd3 21.Rxd3 gxf6 22.exf6 Bf8
23.Rh3 Qc6 24.Qf4 Kh7 25.Rg3 Qd5 26.Re5 Qxg2 27.Rxg2 Bxg2 28.Qg4 Bf1 29.Re3  1-0

[Event "Schoeneck"]
[Site "Schoeneck"]
[Date "1991.??.??"]
[Round "4"]
[White "Schaack, Harry"]
[Black "Beck, Daniel"]
[Result "1/2-1/2"]
[WhiteElo "2305"]
[BlackElo "2220"]

1.e4 c5 2.Nf3 Nc6 3.d4 cxd4 4.Nxd4 Nf6 5.Nc3 d6 6.Bg5 e6 7.Qd2 Be7 8.O-O-O O-O
9.f3 Nxd4 10.Qxd4 Qa5 11.Bh4 e5 12.Qd2 Be6 13.Kb1 Nxe4 14.fxe4 Bxh4 15.g3 Bd8
16.Qxd6 Rc8 17.a3 Bg5 18.Bd3 Rfd8 19.Qb4 Qxb4 20.axb4 Be7 21.b5 g6 22.Be2 Kg7
23.g4 Bg5 24.Nd5  1/2-1/2

[Event "SCO-ch"]
[Site "SCO"]
[Date "1991.??.??"]
[Round "5"]
[White "Mannion, Stephen R"]
[Black "Muir, Andrew J"]
[Result "1-0"]
[WhiteElo "2345"]
[BlackElo "2425"]

1.e4 c5 2.Nf3 Nc6 3.d4 cxd4 4.Nxd4 Nf6 5.Nc3 d6 6.Bg5 e6 7.Qd2 Be7 8.O-O-O O-O
9.Nb3 Qb6 10.f3 a6 11.h4 Rd8 12.h5 Qc7 13.g4 b5 14.Be3 b4 15.Na4 Nd7 16.g5 Nc5
17.Naxc5 dxc5 18.Qf2 Rxd1+ 19.Kxd1 Nd4 20.g6 Nxb3 21.axb3 Qe5 22.gxf7+ Kxf7
23.Bd3 Qxb2 24.Qh2 Bd7 25.e5 Bc6 26.Qf4+ Kg8 27.Rg1 Rd8 28.Ke1 Rxd3 29.cxd3 Qxb3
30.Ke2 Bb5 31.Qe4 c4 32.dxc4 Bxc4+ 33.Kf2 Bd5 34.Qg4 Qb2+ 35.Kf1 Bf8 36.h6 Qc2
37.Bf2 g6 38.Kg2 Bc5 39.Qh4 Qf5 40.Bxc5 Bxf3+ 41.Kg3 g5 42.Qd4 Be2 43.Qd8+ Kf7
44.Qf8+ Kg6 45.Qg7+  1-0

[Event "Belavenets mem op"]
[Site "Smolensk"]
[Date "1991.??.??"]
[Round "?"]
[White "Varavin, Viktor"]
[Black "Filipenko, Alexander V"]
[Result "0-1"]
[WhiteElo "2455"]
[BlackElo "2370"]

1.e4 c5 2.Nf3 Nc6 3.d4 cxd4 4.Nxd4 Nf6 5.Nc3 d6 6.Bg5 e6 7.Qd2 a6 8.O-O-O Bd7
9.f4 b5 10.Nxc6 Bxc6 11.Bd3 Be7 12.Rhe1 O-O 13.e5 dxe5 14.Qf2 h6 15.Qh4 hxg5
16.fxg5 Qd4 17.Ne4 Nh7 18.c3 Bxe4 19.cxd4 Bxg5+ 20.Qxg5 Rac8+ 21.Kd2 Nxg5
22.Bxe4 Rfd8 23.Bb7 Rb8 24.Bxa6 Rb6 25.Rxe5 f6 26.Rxb5 Rxa6 27.Kc3 Rxa2 28.Re1 Ra6
29.h4 Nf7 30.Rc5 Nd6 31.g4 Rb6 32.d5 exd5 33.Rxd5 Rc8+ 34.Kd3 Rb3+ 35.Ke2 Rxb2+
36.Kf3 Nc4 37.g5 Ne5+ 38.Ke4 Kf7 39.h5 Ke6 40.gxf6 gxf6 41.Ra5 Rc4+ 42.Ke3 Rc3+
43.Kd4 Rd3+ 44.Kc5 Rd5+  0-1